Missing Word: Girl Band Songs Quiz Stats

Quiz Updated Feb 27, 2015

Challenge
Share
Tweet
Embed
Score 0/20 Timer 04:00
0 Plays Today
Hint Answer % Correct
Destiny's ChildName
94.8%
The Go-Go'sHead
92.9%
The Go-Go'sSealed
86%
Dixie ChicksOpen
84.9%
Pussycat DollsWait
81.8%
The Go-Go'sUp
81.4%
Destiny's ChildMy
78.6%
Pussycat DollsMan
77.2%
The Go-Go'sGot
70.7%
Pussycat DollsDon't
65.6%
Hint Answer % Correct
Pussycat DollsGrow
52.1%
Pussycat DollsHate
47.2%
Destiny's ChildJumpin'
46.3%
Dixie ChicksTime
41.3%
Destiny's ChildIndependent
40.1%
Dixie ChicksNice
39.8%
Dixie ChicksEarl
33.7%
Destiny's ChildBug
28.8%
Dixie ChicksSoldier
15.6%
The Go-Go'sTurn
5.4%

Today's Daily Dose

You're not logged in!

Compare scores with friends on all Sporcle quizzes.
Sign Up with Email
OR
Log In

You Might Also Like...

Show Comments

Extras

Top Quizzes Today


Score Distribution

Your Account Isn't Verified!

In order to create a playlist on Sporcle, you need to verify the email address you used during registration. Go to your Sporcle Settings to finish the process.